Регионална библиотека "Любен Каравелов" - Русе

Произход (Запис номер 205346)

MARC детайли
000 -Лидер
Контролно поле с фиксирана дължина 01335nam a2200373 c 4500
003 - Код на организацията, давaща контролен номер
Контролно поле BLK
005 - Дата и час на последна редакция
Контролно поле 20250801164827.0
008 - Елементи от данни с фиксирана дължина
fixed length control field 180411b bul|||||r ||||||| ||bul||
010 ## - Наследен системен номер
LC control number KNG00214951000
020 ## - Международен стандартен номер на книга ISBN
Международен стандартен номер на книга ISBN 978-954-655-800-8
-- издат.: Бард
040 ## - Източник на каталожния запис
Идентификатор на билиотеката - собственик на записа BLK
041 ## - Код за език
Код за езика на текст/звукозапис или на отделно заглавие Български
Код за езика КДБФ Български
072 #7 - Код за тематичната категория
Код организация bullib
Код за тематична категория Н8301
Текст Трилъри Н
080 ## - УДК
Текстов определител УДК Американска литература (на САЩ)
УДК код - определител по УДК 821.111(73)
УДК определител -312.4
УДК - код + определител 821.111(73)-312.4
100 1# - Редна дума - Автор
Автор Браун, Дан
Авторска отговорност първи автор
R(LIN) 374251
139 ## - Редно поле
Редна дума Браун, Дан
Авторски знак Брат - Б 78
245 10 - Сведения за заглавието
Заглавие Произход
Подзаглавни данни Роман
Редно поле (дума) Дан Браун; прев. Крум Ернстов Бъчваров.
257 ## - Страна на издаване
Страна на създаване/издаване Съединени американски щати
260 ## - Област на издателските данни
-- София
Име на издателя, разпространителя и проч. Бард
Година на издаване 2017
Печатница София : Алианс принт
300 ## - Физическа характеристика
Страници 528 с.
Размери/Мащаб 21 см
380 ## - Жанр
Жанр Худож. лит.
490 1# - СЕРИИ (Колекции)
Име на серия Кралете на трилъра
500 ## - Общи забележки
Забележка Ориг. загл. Origin / Dan Brown.
653 ## - Ключова дума – ненормативна
Ключова дума трилъри
653 ## - Ключова дума – ненормативна
Ключова дума романи
659 ## - Тематичен бюлетин
Тематичен бюлетин Н
700 1# - Други автори (авторска отговорност)
Лично име Бъчваров, Крум Ернстов
Автороска отговорност (Описва отношението между автора и произведението) прев.
9 (RLIN) 365175
852 ## - Местоположение
Форматна сигнатура Цб 288552
856 4# - Електронен адрес и достъп
Електронен формат pdf - файл
Път до файла /url/
856 4# - Електронен адрес и достъп
Електронен формат pdf - файл
Път до файла /url/
942 ## - АРТИКУЛИ
Вид на библиотечния материал Книги
Скрит в OPAC Не
Koha issues (borrowed), all copies 234
944 ## - СЪЗДАВАНЕ И РЕДАКЦИЯ на ЗАПИСА
Създаване/Редакция Създаване
Дата на регистрацията/редакция 17.12.2017
Статус, дата на статуса Цветелина Шанова
Служител, извършил регистрацията/редакцията 30531
944 ## - СЪЗДАВАНЕ И РЕДАКЦИЯ на ЗАПИСА
Създаване/Редакция Редакция
Дата на регистрацията/редакция 21.02.2018
Статус, дата на статуса ф /
Служител, извършил регистрацията/редакцията Людмила_Стоянова
999 ## - СИСТЕМНИ КОНТРОЛНИ НОМЕРА
Koha biblionumber 205346
Koha biblioitemnumber 205346
Наличности
Код за отписване Код за изгубен артикул Източник на класификационната схема Код за повреда Коз за рестрикции Код за отдаване Артикулен № Име на библиотеката - собственик Име на библиотеката, в която се намира в момента Статус (Текущо местоположение) Дата на вписване в системата Местоположение - отдел Цена в лева Инвентарен номер Систематично азбучна сигнатура Баркод Номер на екземпляра Цена в евро Служебна бележка Служебен тип на артикула Бележка за публиката
  Не е изгубен Universal Decimal Classification Не е повреден без рестрикции заемане за дома 353619 Регионална библиотека "Любен Каравелов" Русе Регионална библиотека "Любен Каравелов" Русе Заемна - подръчен фонд 2017-12-15 Заемна - подръчен фонд 24.95 120000818098 П 820(73)-31/Б 78 120000818098 1 12.76 Дост: Pk Вид: Ф N: 498 Дата: 15.12.2017 Дата инв: 06.03.2018 Бележки инв: П2018 Книги заменена със същата книга
  Не е изгубен   Не е повреден без рестрикции заемане за дома 353620 Регионална библиотека "Любен Каравелов" Русе Регионална библиотека "Любен Каравелов" Русе Заемна - подръчен фонд 2017-12-15 Заемна - подръчен фонд 24.95 120000818099 П 820(73)-31/Б 78 120000818099 2 12.76 Дост: Pk Вид: Ф N: 498 Дата: 15.12.2017 Дата инв: 15.02.2018 Бележки инв: П2018 Книги  
  Не е изгубен Universal Decimal Classification Не е повреден без рестрикции заемане за дома 353621 Регионална библиотека "Любен Каравелов" Русе Регионална библиотека "Любен Каравелов" Русе Заемна - подръчен фонд 2018-01-23 Заемна - подръчен фонд 24.95 120000819211 П 820(73)-31/Б 78 120000819211 3 12.76 Дост: Pk Вид: Ф N: 500 Дата: 17.01.2018 Дата инв: 19.02.2018 Бележки инв: П2018 Книги  
Изтеглен Не е изгубен Universal Decimal Classification Не е повреден без рестрикции заемане за дома 353622 Регионална библиотека "Любен Каравелов" Русе Регионална библиотека "Любен Каравелов" Русе Заемна - подръчен фонд 2018-01-23 Заемна - подръчен фонд 24.95 120000819212 П 820(73)-31/Б 78 120000819212 4 12.76 Дост: Pk Вид: Ф N: 500 Дата: 17.01.2018 Дата инв: 15.02.2018 Бележки инв: П2018 Книги  
  Не е изгубен Universal Decimal Classification Не е повреден без рестрикции заемане за дома 677021 Регионална библиотека "Любен Каравелов" Русе Регионална библиотека "Любен Каравелов" Русе Заемна - подръчен фонд 2018-06-01 Заемна - подръчен фонд 17.46 120000820755 П 820(73)-31/Б 78 120000820755   8.93   Книги  
  Не е изгубен Universal Decimal Classification Не е повреден без рестрикции заемане за дома 677266 Регионална библиотека "Любен Каравелов" Русе Регионална библиотека "Любен Каравелов" Русе Заемна - подръчен фонд 2018-06-15 Заемна - подръчен фонд 24.95 120000821095 П 820(73)-31/Б 78 120000821095   12.76   Книги  
  Не е изгубен Universal Decimal Classification Не е повреден без рестрикции ползва се в читалня 681908 Регионална библиотека "Любен Каравелов" Русе Регионална библиотека "Любен Каравелов" Русе Хранилище 2018-11-02 Хранилище 24.95 120000824431 Цб 291003 120000824431   12.76   Книги  
Vip Innovations Ltd, Rousse, Bulgaria 2025